Birinci Dünya Savaşı'nda Osmanlı İmparatorluğu : (Record no. 15917)

MARC details
000 -BAŞLIK
Sabit Uzunlukta Kontrol Alanı 00961nam a22002417a 4500
999 ## - SİSTEM KONTROL NUMARALARI (KOHA)
Koha Biblionumber 15917
Koha Biblioitemnumber 15918
003 - KONTROL NUMARASI IDENTIFIER
Denetim Alanı MIRAKIL
005 - SON İŞLEM TARİHİ VE ZAMANI
Denetim Alanı 20240429120758.0
008 - SABİT-BOY VERİ ELEMANLARI - GENEL BİLGİLER
Sabit Uzunlukta Kontrol Alanı 240422b tu ||||| |||| 00| 0 tur d
020 ## - ULUSLARARASI STANDART KİTAP NUMARASI
Uluslararası Standart Kitap Numarası 9789751633347
040 ## - KATALOGLAMA KAYNAK
Orijinal Kataloglama Ajansı TR-AnCHP
Metne Dönüştürmek Ajansı TR-AnCHP
041 ## - DİL KODU
Metin / Ses Parça Veya Ayrı Başlığın Dil Kodu tur
082 ## - DEWEY ONLU SINIFLANDIRMA NUMARASI
Sınıflandırma Numarası 956.100491992
Ürün Numarası S32b 2021
100 ## - ANA GİRİŞ - KİŞİSEL İSİM
Kişisel Ad Shaw, Stanford Jay
245 10 - BAŞLIK TABLOSU
Başlık Birinci Dünya Savaşı'nda Osmanlı İmparatorluğu :
Başlığın Kalan -Ermeniler- /
Sorumluluk Tablosu, Vb Stanford J. Shaw ; çeviren Şadi Dinlenç
260 ## - YAYIN, DAĞITIM, VB
Yayın, Dağıtım, Vb Yeri Ankara :
Yayıncı, Dağıtıcı, Vs Adı Türk Tarih Kurumu Yayınları,
Yayın, Dağıtım, Vb Tarihi 2021.
300 ## - FİZİKSEL TANIM
Kapsam xi, 211 sayfa ;
Boyutlar 21 cm.
490 0# - SERİSİ TABLOSU
Seri Beyanı Atatürk Kültür, Dil ve Tarih Yüksek Kurumu.
-- Türk Tarih Kurumu yayınları, IV/A-2-2.1. dizi ;
Hacim / Ardışık Tanımı sayı: 37
504 ## - KAYNAKÇA VB NOT
Kaynakça Vb Notu Kaynakça: 193-205. sayfa<br/>
650 #0 - KONU KATMA GİRİŞ - TOPİKAL DÖNEM
9 (RLIN) 710
Topikal Süreli Veya Coğrafi Ad Giriş Elemanı Osmanlı İmparatorluğu
Kronolojik Alt Bölümü 1914-1918
650 #0 - KONU KATMA GİRİŞ - TOPİKAL DÖNEM
9 (RLIN) 5657
Topikal Süreli Veya Coğrafi Ad Giriş Elemanı Birinci Dünya savaşı
Genel Alt Bölümü Ermeniler
856 ## - ELEKTRONİK YER VE ERİŞİM
Kamu Notu Dijital Nüshası için Partimizin Kütüphane Sorumlusu ile iletişime geçiniz.
942 ## - EKLENDİ GİRİŞ ELEMANLARI (KOHA)
Sınıflandırma Veya Raf Düzeni Kaynak Dewey Decimal Classification
Koha Öğesi Türü Books
Holdings
Kalıcı Konum Mevcut Konum Edinme Tarihi Toplam Check-Out'Lar Tam Çağrı Numarası Barkod Tarih Son Görülme İtibaren Geçerli Fiyatlar Koha Öğesi Türü
CHP Kütüphanesi CHP Kütüphanesi 04/22/2024   956.100491992 S32b 2021 21868 04/22/2024 04/22/2024 Books